<?xml version='1.0' encoding='UTF-8'?>
  <record xmlns="http://www.loc.gov/MARC21/slim">
    <leader>00000cam a2200000 i 4500</leader>
    <controlfield tag="001">ocn907595599</controlfield>
    <controlfield tag="003">OCoLC</controlfield>
    <controlfield tag="005">20250327070544.3</controlfield>
    <controlfield tag="008">870127m18701881ne            000 0 dut d</controlfield>
    <datafield tag="040" ind1=" " ind2=" ">
      <subfield code="a">NLGGC</subfield>
      <subfield code="b">dut</subfield>
      <subfield code="e">fobidrtb</subfield>
      <subfield code="c">NLGGC</subfield>
      <subfield code="d">OCLCO</subfield>
      <subfield code="d">OCLCF</subfield>
      <subfield code="d">OCLCO</subfield>
      <subfield code="d">QGJ</subfield>
      <subfield code="d">OCLCL</subfield>
      <subfield code="d">OCLCQ</subfield>
    </datafield>
    <datafield tag="029" ind1="0" ind2=" ">
      <subfield code="a">NLGGC</subfield>
      <subfield code="b">036351059</subfield>
    </datafield>
    <datafield tag="035" ind1=" " ind2=" ">
      <subfield code="a">(OCoLC)907595599</subfield>
    </datafield>
    <datafield tag="060" ind1="1" ind2="4">
      <subfield code="a">W1</subfield>
      <subfield code="b">BI549</subfield>
    </datafield>
    <datafield tag="100" ind1="1" ind2=" ">
      <subfield code="a">Bruinsma, Josephus Joannes,</subfield>
      <subfield code="d">1805-1885.</subfield>
      <subfield code="4">aut</subfield>
      <subfield code="1">https://id.oclc.org/worldcat/entity/E39PBJxt3XRxv993rGBfQJpMfq</subfield>
    </datafield>
    <datafield tag="245" ind1="1" ind2="0">
      <subfield code="a">Bijdragen tot de geneeskundige plaatsbeschrijving van Nederland /</subfield>
      <subfield code="c">J.J. Bruinsma, J.F. van Hengel.</subfield>
    </datafield>
    <datafield tag="260" ind1=" " ind2=" ">
      <subfield code="a">'s-Gravenhage :</subfield>
      <subfield code="b">Departement van Binnenlandsche Zaken [etc.],</subfield>
      <subfield code="c">1870-1881.</subfield>
    </datafield>
    <datafield tag="300" ind1=" " ind2=" ">
      <subfield code="a">5 dl. ;</subfield>
      <subfield code="c">22 cm.</subfield>
    </datafield>
    <datafield tag="336" ind1=" " ind2=" ">
      <subfield code="a">tekst</subfield>
      <subfield code="b">txt</subfield>
      <subfield code="2">rdacontent/dut</subfield>
    </datafield>
    <datafield tag="337" ind1=" " ind2=" ">
      <subfield code="a">zonder medium</subfield>
      <subfield code="b">n</subfield>
      <subfield code="2">rdamedia/dut</subfield>
    </datafield>
    <datafield tag="338" ind1=" " ind2=" ">
      <subfield code="a">band</subfield>
      <subfield code="b">nc</subfield>
      <subfield code="2">rdacarrier/dut</subfield>
    </datafield>
    <datafield tag="500" ind1=" " ind2=" ">
      <subfield code="a">Niet verder verschenen.</subfield>
    </datafield>
    <datafield tag="505" ind1="0" ind2=" ">
      <subfield code="a">I: Natuurkundige plaatsbeschrijving van de provincie Zeeland. II: Natuurkundige plaatsbeschrijving van de provincie Friesland / [door J. J. Bruinsma]. III: Geneeskundige plaatsbeschrijving van het Gooiland / door J. F. van Hengel. IV. Natuurkundige plaatsbeschrijving van de provincie Overijssel / [door D. Lubach]. V. Natuurkundige plaatsbeschrijving van de provincie Limburg / [door J. J. Willems]</subfield>
    </datafield>
    <datafield tag="530" ind1=" " ind2=" ">
      <subfield code="a">Ook beschikbaar in microvorm.</subfield>
    </datafield>
    <datafield tag="650" ind1=" " ind2="0">
      <subfield code="a">Medical geography</subfield>
      <subfield code="z">Netherlands.</subfield>
    </datafield>
    <datafield tag="650" ind1=" " ind2="6">
      <subfield code="a">Géographie médicale</subfield>
      <subfield code="z">Pays-Bas.</subfield>
    </datafield>
    <datafield tag="650" ind1=" " ind2="7">
      <subfield code="a">Medical geography.</subfield>
      <subfield code="2">fast</subfield>
      <subfield code="0">(OCoLC)fst01014152</subfield>
    </datafield>
    <datafield tag="651" ind1=" " ind2="7">
      <subfield code="a">Netherlands.</subfield>
      <subfield code="2">fast</subfield>
      <subfield code="0">(OCoLC)fst01204034</subfield>
      <subfield code="1">https://id.oclc.org/worldcat/entity/E39PBJk4D96j3YTHJQfHCV3vpP</subfield>
    </datafield>
    <datafield tag="650" ind1="1" ind2="7">
      <subfield code="a">Medische geografie.</subfield>
      <subfield code="2">gtt</subfield>
      <subfield code="0">(NL-LeOCL)156682036</subfield>
    </datafield>
    <datafield tag="700" ind1="1" ind2=" ">
      <subfield code="a">Hengel, J.F. van</subfield>
      <subfield code="q">(Johan Frederik),</subfield>
      <subfield code="d">1811-1892.</subfield>
      <subfield code="4">aut</subfield>
      <subfield code="1">https://id.oclc.org/worldcat/entity/E39PBJgmRgb9YWFBCc6DpmyTpP</subfield>
    </datafield>
    <datafield tag="700" ind1="1" ind2=" ">
      <subfield code="a">Lubach, Douwe,</subfield>
      <subfield code="d">1815-1902.</subfield>
      <subfield code="4">ctb</subfield>
      <subfield code="1">https://id.oclc.org/worldcat/entity/E39PBJbWyHJJVr8mRdCCWxRHYP</subfield>
    </datafield>
    <datafield tag="700" ind1="1" ind2=" ">
      <subfield code="a">Willems, J.J.,</subfield>
      <subfield code="c">geneeskunde.</subfield>
      <subfield code="4">ctb</subfield>
      <subfield code="1">https://id.oclc.org/worldcat/entity/E39PCjF8kr9bKBBCv4VmjkbcKb</subfield>
    </datafield>
    <datafield tag="710" ind1="2" ind2=" ">
      <subfield code="a">Ministerie van Binnenlandsche Zaken (1815-1923)</subfield>
      <subfield code="0">(NL-LeOCL)075332345</subfield>
    </datafield>
    <datafield tag="758" ind1=" " ind2=" ">
      <subfield code="a">Bijdragen tot de geneeskundige plaatsbeschrijving van Nederland (Text)</subfield>
      <subfield code="1">https://id.oclc.org/worldcat/entity/E39PCH46yrK4MDwtJ8bK8QPqQq</subfield>
      <subfield code="4">https://id.oclc.org/worldcat/ontology/hasWork</subfield>
    </datafield>
    <datafield tag="776" ind1="0" ind2=" ">
      <subfield code="t">Bijdragen tot de geneeskundige plaatsbeschrijving van Nederland</subfield>
      <subfield code="w">(NL-LeOCL)425889238</subfield>
    </datafield>
    <datafield tag="776" ind1="0" ind2=" ">
      <subfield code="t">Bijdragen tot de geneeskundige plaatsbeschrijving van Nederland</subfield>
      <subfield code="w">(NL-LeOCL)425889246</subfield>
    </datafield>
    <datafield tag="776" ind1="0" ind2=" ">
      <subfield code="t">Bijdragen tot de geneeskundige plaatsbeschrijving van Nederland</subfield>
      <subfield code="w">(NL-LeOCL)425889254</subfield>
    </datafield>
    <datafield tag="936" ind1=" " ind2=" ">
      <subfield code="a">BATCHLOAD</subfield>
    </datafield>
  </record>